Bound to lead : The changing nature of American power
में बचाया:
| मुख्य लेखक: | |
|---|---|
| स्वरूप: | पुस्तक |
| भाषा: | Undetermined |
| प्रकाशित: |
New York
Basic Books, Inc.
1990
|
| विषय: | |
| टैग : |
टैग जोड़ें
कोई टैग नहीं, इस रिकॉर्ड को टैग करने वाले पहले व्यक्ति बनें!
|
| Thư viện lưu trữ: | Trung tâm Học liệu Trường Đại học Cần Thơ |
|---|
| LEADER | 00634nam a2200229Ia 4500 | ||
|---|---|---|---|
| 001 | CTU_86899 | ||
| 008 | 210402s9999 xx 000 0 und d | ||
| 082 | |a 973.92 | ||
| 082 | |b N994 | ||
| 100 | |a Nye, Joseph S. | ||
| 245 | 0 | |a Bound to lead : | |
| 245 | 4 | |b The changing nature of American power | |
| 245 | 0 | |c Joseph S. Nye | |
| 260 | |a New York | ||
| 260 | |b Basic Books, Inc. | ||
| 260 | |c 1990 | ||
| 650 | |a World politics,Power (social sciences),Geopolitics | ||
| 650 | |x History | ||
| 650 | |y 1945-,20th century | ||
| 650 | |z United states | ||
| 904 | |i Trúc | ||
| 980 | |a Trung tâm Học liệu Trường Đại học Cần Thơ | ||